| 000 | 01036nam a2200277 a 4500 | ||
|---|---|---|---|
| 001 | 65381 | ||
| 003 | BD-RjUL | ||
| 005 | 20211209081423.0 | ||
| 008 | 170305s1995 bg a f000 0 eng d | ||
| 020 |
_a9845081754 _c: Complimentary |
||
| 035 | _a(BD-RjUL)65511 | ||
| 040 |
_aBD-RjUL _beng _cBD-RjUL _dBD-RjUL |
||
| 041 | _aeng | ||
| 082 |
_223 _a362.1095492021 _bBAS 1995 (SR) |
||
| 110 | 1 |
_aBangladesh Bureau of Statistics. _9179266 |
|
| 245 | 1 | 0 |
_aSummary report of survey on prevalence of disability, May 1994 / _cBangladesh Bureau of Statistics. |
| 260 |
_aDhaka : _bBangladesh Bureau of Statistics, _c1995. |
||
| 300 |
_avi, 79 p. ; _c28 cm. |
||
| 490 |
_aBangladesh Health and Demographic Survey ; _vHDS-PUB-002 |
||
| 500 | _a"August 1995" | ||
| 500 | _aSome pages on coloured paper. | ||
| 650 | 0 |
_aPeople with disabilities _zBangladesh. _9193492 |
|
| 650 | 0 |
_aPeople with disabilities _zBangladesh _vStatistics. _y1994 _9193493 |
|
| 830 |
_aBangladesh Health and Demographic Survey ; _vHDS-PUB-002 _9193533 |
||
| 942 |
_2ddc _cRAR |
||
| 999 |
_c65381 _d65381 |
||